Mechanics of Solids / (Record no. 937)

000 -LEADER
fixed length control field 00627nam a2200229 a 4500
008 - FIXED-LENGTH DATA ELEMENTS--GENERAL INFORMATION
fixed length control field 191111r20072014ii a|||g |||| 001 0 eng d
020 ## - INTERNATIONAL STANDARD BOOK NUMBER
International Standard Book Number 9788120331907
Terms of availability Rs. 395.00
040 ## - CATALOGING SOURCE
Original cataloging agency IMU Kochi Library
Language of cataloging eng
041 0# - LANGUAGE CODE
Language code of text/sound track or separate title eng
044 ## - COUNTRY OF PUBLISHING/PRODUCING ENTITY CODE
MARC country code India
082 04 - DEWEY DECIMAL CLASSIFICATION NUMBER
Edition number 23
Classification number 620.105
Item number Si643
100 1# - MAIN ENTRY--PERSONAL NAME
Personal name Singh, Arbind Kumar
245 10 - TITLE STATEMENT
Title Mechanics of Solids /
260 ## - PUBLICATION, DISTRIBUTION, ETC. (IMPRINT)
Place of publication, distribution, etc Delhi :
Name of publisher, distributor, etc PHI Learning Private Limited,
Date of publication, distribution, etc 2007, reprinted 2014
300 ## - PHYSICAL DESCRIPTION
Extent xv, 479 p. :
Other physical details ill. ;
Dimensions 23 cm.
504 ## - BIBLIOGRAPHY, ETC. NOTE
Bibliography, etc Includes index.
650 #0 - SUBJECT ADDED ENTRY--TOPICAL TERM
Topical term or geographic name as entry element Deformations (Mechanics)
Form subdivision Textbooks
650 #0 - SUBJECT ADDED ENTRY--TOPICAL TERM
Topical term or geographic name as entry element Solids
852 ## - LOCATION/CALL NUMBER
Location IMU Kochi Library
904 ## - LOCAL DATA ELEMENT D, LDD (RLIN)
CATALOGER Shine Joy
942 ## - ADDED ENTRY ELEMENTS (KOHA)
Item type Books
Holdings
Withdrawn status Lost status Source of classification or shelving scheme Damaged status Not for loan Collection code Permanent location Current location Shelving location Date acquired Source of acquisition Cost, normal purchase price Full call number Barcode Date last seen Koha item type Public note
          Engineering IMU Kochi Library IMU Kochi Library General Stacks 2014-12-03 M/S Current Books (Inv. No. 983 Dt 2014-11-24) 395.00 620.105 Si643 BK001165 2019-11-11 Books Gen. Shelf-11, Row-3


Copyright © All Rights Reserved by Indian Maritime University, Kochi Campus.
For any Suggestions/Query Contact to library or Email: library.kochi@imu.ac.in Ph:(0484)-2989402
(Web OPAC Designed by Rudra Ranjan. Maintained by IMU Kochi Library)

Powered by Koha